| Tag |
First Indicator |
Second Indicator |
Subfields |
| LEADER |
00000cam a2200000 a 4500 |
| 001 |
in00000001120 |
| 005 |
20151007050329.0 |
| 008 |
980915s1998 oruab b f000 0 eng d |
| 035 |
|
|
|a (OCoLC)39869527
|
| 035 |
|
|
|9 AHS9228AM
|
| 040 |
|
|
|d GPO
|d DLC
|d MvI
|d UtOrBLW
|
| 043 |
|
|
|a n-us-or
|
| 049 |
|
|
|a UDOC
|
| 074 |
|
|
|a 0624-B
|
| 086 |
0 |
|
|a I 19.42/4:98-4105
|
| 100 |
1 |
|
|a Rinella, Frank A.
|
| 245 |
1 |
0 |
|a Major-ion, nutrient, and trace-element concentrations in the Steamboat Creek Basin, Oregon, 1996 /
|c by Frank A. Rinella ; prepared in cooperation with Douglas County and U.S. Forest Service.
|
| 246 |
2 |
|
|a Major ion, nutrient, and trace element concentrations in the Steamboat Creek Basin, Oregon, 1996
|
| 264 |
|
1 |
|a Portland, Or. :
|b U.S. Dept. of the Interior, U.S. Geological Survey ;
|c 1998.
|
| 264 |
|
2 |
|a Denver, CO :
|b Information Services [distributor],
|
| 300 |
|
|
|a iv, 31 pages :
|b illustrations, map ;
|c 28 cm.
|
| 336 |
|
|
|a text
|b txt
|2 rdacontent
|
| 337 |
|
|
|a unmediated
|b n
|2 rdamedia
|
| 338 |
|
|
|a volume
|b nc
|2 rdacarrier
|
| 490 |
1 |
|
|a Water-resources investigations report ;
|v 98-4105
|
| 500 |
|
|
|a Shipping list number: 98-0344-P.
|
| 504 |
|
|
|a Includes bibliographical references (page 9).
|
| 650 |
|
0 |
|a Ions
|z Oregon
|z Steamboat Creek Watershed (Douglas County and Lane County)
|
| 650 |
|
0 |
|a Nutrient pollution of water
|z Oregon
|z Steamboat Creek Watershed (Douglas County and Lane County)
|
| 650 |
|
0 |
|a Trace elements in water
|z Oregon
|z Steamboat Creek Watershed (Douglas County and Lane County)
|
| 650 |
|
0 |
|a River sediments
|z Oregon
|z Steamboat Creek Watershed (Douglas County and Lane County)
|
| 710 |
2 |
|
|a Douglas County (Or.)
|
| 710 |
1 |
|
|a United States.
|b Forest Service.
|
| 710 |
2 |
|
|a Geological Survey (U.S.)
|
| 830 |
|
0 |
|a Water-resources investigations report ;
|v 98-4105.
|
| 999 |
|
|
|a MARS
|
| 999 |
f |
f |
|s 58890935-ac3c-3275-a01a-4da22d19745f
|i 06ba5108-21b1-34c9-b901-4a6dcd8ce10f
|t 0
|
| 952 |
f |
f |
|p normal
|a Texas A&M University
|b College Station
|c Sterling C. Evans Library
|d Evans: US Documents (Annex 5th floor)
|t 0
|e I 19.42/4:98-4105
|h Superintendent of Documents classification
|i unmediated -- volume
|m A14820688079
|
| 998 |
f |
f |
|a I 19.42/4:98-4105
|t 0
|l Evans: US Documents (Annex 5th floor)
|